000 00248nam a2200097Ia 4500
001 782202
005 20250826170159.0
008 250824s9999 xx 000 0 und d
245 0 _aVATAN İÇİN
_cYAVUZ BAHADIROĞLU
260 _bNESİL ÇOCUK YAYINLARI
999 _c782202
_d782202